000 00662nam a2200181 a 4500
001 2049
003 CO-ViMGA
008 141112s2004 ck r 000 u spa d
020 _a9586160622
040 _aCO-ViMGA
_bspa
_cCO-ViMGA
082 0 4 _a346 E778
245 1 0 _aEstudios de Derecho Privado :
_bHomenaje al Externado en su Centenario
260 _aBogotá :
_bUniversidad Externado de Colombia,
_c1986
300 _a412 p. 23 cm
505 _aFunción, límites y cargas de la autonomía privada 9 - - La teoría del riesgo y la responsabilidad civil 199 - - La tradición mercantil de los bienes raíces 297
650 1 4 _aDERECHO PRIVADO
942 _2ddc
_cBK
999 _c14193
_d14193